[Event "Paracin Open 2020"]
[Site "Paracin"]
[Date "2020.07.07"]
[Round "6.9"]
[White "Aleksic, Neven"]
[Black "Pasti, Aron"]
[Result "1-0"]
[WhiteElo "2169"]
[BlackElo "2338"]
[Annotator "ChessBase"]
[PlyCount "77"]
[EventDate "2020.07.03"]
[EventType "swiss"]
[EventCountry "SRB"]
[SourceTitle "playchess.com"]
[Source "ChessBase"]
[SourceQuality "1"]
[TimeControl "5400+30"]

1. d4 {[%emt 0:00:00]} Nf6 {[%emt 0:00:00]} 2. c4 {[%emt 0:00:00]} e6 {[%emt 0:00:00]} 3. Nf3 {[%emt 0:00:00]} d5 {[%emt 0:00:00]} 4. cxd5 {[%emt 0:00:09]} exd5 {[%emt 0:00:00]} 5. Nc3 {[%emt 0:00:09]} c6 {[%emt 0:00:00]} 6. Bg5 {[%emt 0:00:07]} h6 {[%emt 0:00:15]} 7. Bh4 {[%emt 0:00:10]} Bf5 {[%emt 0:00:07]} 8. Qb3 {[%emt 0:01:30]} g5 {[%emt 0:00:15]} 9. Bg3 {[%emt 0:01:00]} Qb6 {[%emt 0:00:13]} 10. e3 {[%emt 0:03:40]} Nbd7 {[%emt 0:05:41]} 11. Be2 {[%emt 0:02:06]} Be7 {[%emt 0:05:42]} 12. Nd2 {[%emt 0:04:32]} O-O {[%emt 0:12:50]} 13. O-O {[%emt 0:01:21]} Rfe8 {[%emt 0:02:20]} 14. Rfe1 {[%emt 0:01:49]} Nf8 {[%emt 0:02:26]} 15. Rac1 {[%emt 0:09:08]} Ng6 {[%emt 0:02:32]} 16. f3 {[%emt 0:05:28]} Bf8 {[%emt 0:05:21]} 17. Bf1 {[%emt 0:03:24]} Rac8 {[%emt 0:02:22]} 18. a3 {[%emt 0:10:19]} h5 {[%emt 0:08:02]} 19. Qxb6 {[%emt 0:05:32]} axb6 {[%emt 0:00:08]} 20. h3 {[%emt 0:03:12]} g4 {[%emt 0:04:16]} 21. hxg4 {[%emt 0:02:08]} hxg4 {[%emt 0:00:08]} 22. e4 {[%emt 0:06:33]} dxe4 {[%emt 0:03:30]} 23. fxe4 {[%emt 0:00:32]} Be6 {[%emt 0:00:45]} 24. Nc4 {[%emt 0:10:59]} Nh5 {[%emt 0:09:03]} 25. Bf2 {[%emt 0:02:00]} Bxc4 {[%emt 0:07:10]} 26. Bxc4 {[%emt 0:00:08]} g3 {[%emt 0:00:19]} 27. Be3 {[%emt 0:00:23]} b5 {[%emt 0:00:32]} 28. Bb3 {[%emt 0:02:18]} b4 {[%emt 0:08:22]} 29. axb4 {[%emt 0:01:14]} Bxb4 {[%emt 0:00:19]} 30. Rf1 {[%emt 0:01:29]} Rf8 {[%emt 0:04:39]} 31. e5 {[%emt 0:06:14]} Bxc3 {[%emt 0:00:10]} 32. bxc3 {[%emt 0:00:17]} c5 {[%emt 0:02:11]} 33. Bd5 {[%emt 0:04:18]} b5 {[%emt 0:03:07]} 34. e6 {[%emt 0:02:42]} Rcd8 {[%emt 0:01:02]} 35. exf7+ {[%emt 0:00:23]} Kh7 {[%emt 0:02:19]} 36. Be6 {[%emt 0:02:36]} Ng7 {[%emt 0:04:27]} 37. d5 {[%emt 0:00:56]} Nxe6 {[%emt 0:00:02]} 38. dxe6 {[%emt 0:00:10]} Rc8 {[%emt 0:00:11]} 39. Rf5 {[%emt 0:00:42]} 1-0

[Event "Paracin Open 2020"]
[Site "Paracin"]
[Date "2020.07.07"]
[Round "6.10"]
[White "Pastar, Slaven"]
[Black "Van Dael, Siem"]
[Result "1/2-1/2"]
[WhiteElo "2323"]
[BlackElo "2293"]
[Annotator "ChessBase"]
[PlyCount "42"]
[EventDate "2020.07.03"]
[EventType "swiss"]
[EventCountry "SRB"]
[SourceTitle "playchess.com"]
[Source "ChessBase"]
[SourceQuality "1"]
[TimeControl "5400+30"]

1. d4 {[%emt 0:00:00]} Nf6 {[%emt 0:00:00]} 2. c4 {[%emt 0:00:24]} g6 {[%emt 0:00:03]} 3. Nc3 {[%emt 0:00:05]} Bg7 {[%emt 0:00:07]} 4. Nf3 {[%emt 0:00:48]} d6 {[%emt 0:00:11]} 5. Bg5 {[%emt 0:00:13]} h6 {[%emt 0:01:30]} 6. Bh4 {[%emt 0:00:08]} Nbd7 {[%emt 0:00:52]} 7. e3 {[%emt 0:00:35]} O-O {[%emt 0:00:34]} 8. Nd2 {[%emt 0:04:20]} e5 {[%emt 0:00:43]} 9. Be2 {[%emt 0:00:31]} c6 {[%emt 0:01:23]} 10. O-O {[%emt 0:07:35]} exd4 {[%emt 0:02:29]} 11. exd4 {[%emt 0:00:06]} Re8 {[%emt 0:00:10]} 12. Rc1 {[%emt 0:13:51]} d5 {[%emt 0:03:11]} 13. cxd5 {[%emt 0:01:33]} g5 {[%emt 0:00:07]} 14. Bg3 {[%emt 0:07:55]} Nxd5 {[%emt 0:00:30]} 15. Nc4 {[%emt 0:02:15]} Nxc3 {[%emt 0:04:24]} 16. bxc3 {[%emt 0:00:45]} Nf6 {[%emt 0:01:13]} 17. Nd6 {[%emt 0:00:47]} Re6 {[%emt 0:04:24]} 18. Nxc8 {[%emt 0:01:00]} Rxc8 {[%emt 0:00:06]} 19. Bf3 {[%emt 0:04:27]} Qa5 {[%emt 0:07:42]} 20. Qb3 {[%emt 0:07:29]} b6 {[%emt 0:00:45]} 21. Be5 {[%emt 0:09:35]} Rce8 {[%emt 0:04:38]} 1/2-1/2

[Event "Paracin Open 2020"]
[Site "Paracin"]
[Date "2020.07.07"]
[Round "6.11"]
[White "Radovanovic, Nikola"]
[Black "Sredojevic, Ivan"]
[Result "1/2-1/2"]
[WhiteElo "2389"]
[BlackElo "2239"]
[Annotator "TA"]
[PlyCount "35"]
[EventDate "2020.07.03"]
[EventType "swiss"]
[EventCountry "SRB"]
[SourceTitle "playchess.com"]
[Source "ChessBase"]
[SourceQuality "1"]

{[%evp 9,35,77,82,62,74,76,89,54,59,62,58,35,48,46,33,36,50,37,51,51,50,39,48,38,34,19,15,11]} 1. e4 d5 2. exd5 Qxd5 3. Nf3 Nf6 4. Be2 c6 5. O-O Bg4 6. d4 {B01: Scandinavian Defence.} e6 7. c4 Qd6 8. Nc3 {White is better.} Nbd7 9. Be3 Be7 10. Qd2 Qc7 11. h3 {[#] And now Bf4 would win.} Bxf3 12. Bxf3 O-O {[#]} 13. Rfd1 $146 ({Predecessor:} 13. Rad1 Rad8 14. Qe2 Rfe8 15. a3 Bd6 16. g3 e5 17. d5 e4 18. Bg2 Be5 19. dxc6 bxc6 {½-½ (28) Shibut,M (2162)-Popilski,G (2530) Norfolk 2017}) 13... Rfd8 14. Qe2 Re8 15. Qc2 Rac8 16. Rac1 a6 17. Qb1 Bd6 18. b4 {Black did not feel at home in the position after the opening. Accuracy: White = 92%, Black = 100%.} 1/2-1/2

[Event "Paracin Open 2020"]
[Site "Paracin"]
[Date "2020.07.07"]
[Round "6.12"]
[White "Martic, Ivan"]
[Black "Tosic, Nebojsa"]
[Result "1-0"]
[WhiteElo "2386"]
[BlackElo "2063"]
[Annotator "TA"]
[PlyCount "111"]
[EventDate "2020.07.03"]
[EventType "swiss"]
[EventCountry "SRB"]
[SourceTitle "playchess.com"]
[Source "ChessBase"]
[SourceQuality "1"]

{[%evp 11,111,39,50,62,39,35,53,70,68,39,41,47,53,-5,74,76,120,129,129,104,107,103,127,108,147,146,154,150,154,141,139,131,149,119,156,156,172,165,231,210,227,172,181,172,227,225,227,182,182,182,182,182,182,182,182,182,171,153,160,161,161,161,161,161,161,161,163,163,196,189,295,294,294,281,293,287,316,309,428,427,673,633,636,629,632,627,618,606,885,875,860,839,1310,1263,1382,1352,1361,1237,1255,1193,1139,1039]} 1. Nf3 Nf6 2. c4 e6 3. Nc3 d5 4. d4 c5 5. cxd5 exd5 6. Bg5 cxd4 7. Bxf6 {D32: Tarrasch Defence: Sidelines and lines without g3.} Qxf6 8. Qxd4 {[#]} Be6 $146 ({Predecessor:} 8... Qxd4 9. Nxd4 Bb4 10. a3 Bxc3+ 11. bxc3 Nc6 12. e3 O-O 13. Be2 Nxd4 14. cxd4 Be6 {½-½ (52) Campani,P (1813)-Farinas Lucas,J (1676) ICCF email 2019}) 9. Qxf6 {White is slightly better.} gxf6 10. e3 (10. O-O-O $5 {[%cal Rc3d5]}) 10... Nc6 11. Bb5 O-O-O 12. O-O (12. Bxc6 $14 bxc6 13. O-O) 12... Kb8 (12... d4 $11 13. Ne2 dxe3) 13. Rfd1 $16 {White leaves nothing to chance now.} Bc5 14. Bxc6 bxc6 {[#]} 15. b4 $1 {[%mdl 512]} Bb6 (15... Bxb4 16. Rdb1) 16. Nd4 Kb7 17. Na4 Bd7 18. Rac1 Rc8 19. Nc5+ Kc7 20. Ndb3 Rhg8 21. Rd2 Kd6 22. Rdc2 Be8 23. a3 Bxc5 24. Rxc5 Rb8 (24... Bd7 $142 25. Ra5 a6) 25. Ra5 Rb7 26. f3 Bd7 27. Kf2 h5 (27... Ra8 {was called for.} 28. Nd4 f5) 28. h4 $18 f5 29. Ra6 Ra8 30. Rc5 Rb6 31. Rca5 {Black must now prevent Rxb6.} Rxa6 32. Rxa6 {[%mdl 4096] Endgame KRB-KRN} Bc8 33. Ra5 a6 34. Kg3 Ke5 35. Rc5 Bd7 36. Na5 Rc8 37. Nc4+ Ke6 38. Nb2 Rg8+ 39. Kf2 Rg6 40. Nd3 {And now Nf4+ would win.} Kd6 (40... Ke7 {might work better.} 41. Ra5 Bc8) 41. Ra5 Bc8 42. Nc5 Rg8 43. Nxa6 Re8 44. Nc5 d4 45. exd4 {White is clearly winning.} Kd5 (45... Be6 $142 46. Nd3 Rg8) 46. Ne4+ Kxd4 47. Nd6 {[%mdl 64] Double Attack} Rd8 48. Nxc8 Rxc8 49. Rxf5 {KR-KR} Rf8 50. Rxh5 f5 51. Kg3 Ke3 52. Rg5 f4+ 53. Kg4 Kf2 {[#]} 54. Rf5 $1 Rh8 55. h5 Ke3 56. Re5+ {Accuracy: White = 86%, Black = 55%.} 1-0

[Event "Paracin Open 2020"]
[Site "Paracin"]
[Date "2020.07.07"]
[Round "6.13"]
[White "Tisma, Ivan"]
[Black "Formento, Paolo"]
[Result "0-1"]
[WhiteElo "2088"]
[BlackElo "2294"]
[Annotator "ChessBase"]
[PlyCount "116"]
[EventDate "2020.07.03"]
[EventType "swiss"]
[EventCountry "SRB"]
[SourceTitle "playchess.com"]
[Source "ChessBase"]
[SourceQuality "1"]
[TimeControl "5400+30"]

1. Nf3 {[%emt 0:00:00]} d5 {[%emt 0:02:20]} 2. g3 {[%emt 0:00:33]} c6 {[%emt 0:01:01]} 3. Bg2 {[%emt 0:00:48]} Nf6 {[%emt 0:01:00]} 4. O-O {[%emt 0:01:21]} Bf5 {[%emt 0:00:06]} 5. d3 {[%emt 0:10:34]} h6 {[%emt 0:01:00]} 6. Nbd2 {[%emt 0:00:24]} e6 {[%emt 0:00:51]} 7. c4 {[%emt 0:01:22]} Nbd7 {[%emt 0:00:17]} 8. Re1 {[%emt 0:01:05]} Bh7 {[%emt 0:01:47]} 9. a3 {[%emt 0:03:13]} a5 {[%emt 0:00:45]} 10. b3 {[%emt 0:00:15]} Bc5 {[%emt 0:04:18]} 11. Bb2 {[%emt 0:00:37]} O-O {[%emt 0:09:45]} 12. Qc1 {[%emt 0:04:14]} Rc8 {[%emt 0:12:15]} 13. Bc3 {[%emt 0:02:54]} e5 {[%emt 0:08:10]} 14. d4 {[%emt 0:11:07]} exd4 {[%emt 0:05:58]} 15. Bxd4 {[%emt 0:00:29]} Ne4 {[%emt 0:19:08]} 16. Qb2 {[%emt 0:09:39]} Qb6 {[%emt 0:01:40]} 17. cxd5 {[%emt 0:16:52]} cxd5 {[%emt 0:00:58]} 18. Bxc5 {[%emt 0:03:48]} Qxc5 {[%emt 0:04:51]} 19. Nd4 {[%emt 0:02:04]} Qc3 {[%emt 0:03:35]} 20. Qxc3 {[%emt 0:01:41]} Rxc3 {[%emt 0:00:06]} 21. Ra2 {[%emt 0:01:41]} Rfc8 {[%emt 0:01:59]} 22. Bh3 {[%emt 0:01:02]} Rc1 {[%emt 0:05:07]} 23. Rxc1 {[%emt 0:01:56]} Rxc1+ {[%emt 0:00:02]} 24. Kg2 {[%emt 0:00:15]} Nc3 {[%emt 0:02:37]} 25. Rb2 {[%emt 0:01:03]} Ne5 {[%emt 0:02:06]} 26. N2f3 {[%emt 0:03:05]} Be4 {[%emt 0:01:20]} 27. Bf5 {[%emt 0:03:37]} Nxe2 {[%emt 0:04:51]} 28. Bxe4 {[%emt 0:01:19]} Nxd4 {[%emt 0:00:39]} 29. Bxd5 {[%emt 0:00:28]} Ndxf3 {[%emt 0:01:40]} 30. Bxf3 {[%emt 0:00:06]} Nd3 {[%emt 0:00:03]} 31. Re2 {[%emt 0:02:22]} Ne1+ {[%emt 0:00:09]} 32. Rxe1 {[%emt 0:00:09]} Rxe1 {[%emt 0:00:01]} 33. Bxb7 {[%emt 0:00:12]} Ra1 {[%emt 0:01:12]} 34. a4 {[%emt 0:00:44]} g5 {[%emt 0:00:42]} 35. h3 {[%emt 0:00:47]} Rc1 {[%emt 0:00:32]} 36. Bd5 {[%emt 0:00:26]} Rc3 {[%emt 0:00:19]} 37. Kf1 {[%emt 0:00:39]} Rc2 {[%emt 0:00:22]} 38. Kg2 {[%emt 0:00:21]} Kg7 {[%emt 0:00:33]} 39. Kf3 {[%emt 0:00:28]} f5 {[%emt 0:00:22]} 40. Ke3 {[%emt 0:00:42]} Kf6 {[%emt 0:00:47]} 41. Bc4 {[%emt 0:01:00]} h5 {[%emt 0:01:36]} 42. h4 {[%emt 0:01:01]} f4+ {[%emt 0:01:14]} 43. gxf4 {[%emt 0:08:05]} gxh4 {[%emt 0:00:08]} 44. Kf3 {[%emt 0:00:38]} Rc3+ {[%emt 0:00:35]} 45. Kg2 {[%emt 0:00:09]} Kf5 {[%emt 0:00:16]} 46. Bd5 {[%emt 0:01:13]} Kxf4 {[%emt 0:00:52]} 47. Bf7 {[%emt 0:00:18]} Kg5 {[%emt 0:01:13]} 48. Bd5 {[%emt 0:00:24]} h3+ {[%emt 0:00:29]} 49. Kh2 {[%emt 0:00:14]} Kh4 {[%emt 0:00:20]} 50. Bc4 {[%emt 0:00:31]} Rc2 {[%emt 0:00:23]} 51. Kg1 {[%emt 0:00:22]} h2+ {[%emt 0:00:20]} 52. Kxh2 {[%emt 0:00:14]} Rxf2+ {[%emt 0:00:04]} 53. Kg1 {[%emt 0:00:16]} Rb2 {[%emt 0:00:05]} 54. Bd5 {[%emt 0:00:55]} Kg3 {[%emt 0:00:09]} 55. Kf1 {[%emt 0:00:12]} h4 {[%emt 0:00:05]} 56. Ke1 {[%emt 0:00:34]} h3 {[%emt 0:00:11]} 57. Kd1 {[%emt 0:00:14]} h2 {[%emt 0:00:11]} 58. Kc1 {[%emt 0:00:10]} Rg2 {[%emt 0:00:07]} 0-1

[Event "Paracin Open 2020"]
[Site "Paracin"]
[Date "2020.07.07"]
[Round "6.14"]
[White "Mitev, Valentin"]
[Black "Katic, Goran"]
[Result "1-0"]
[WhiteElo "2240"]
[BlackElo "1967"]
[Annotator "ChessBase"]
[PlyCount "43"]
[EventDate "2020.07.03"]
[EventType "swiss"]
[EventCountry "SRB"]
[SourceTitle "playchess.com"]
[Source "ChessBase"]
[SourceQuality "1"]
[TimeControl "5400+30"]

1. d4 {[%emt 0:00:00]} g6 {[%emt 0:05:41]} 2. e4 {[%emt 0:00:00]} Bg7 {[%emt 0:00:09]} 3. Nc3 {[%emt 0:00:00]} a6 {[%emt 0:00:08]} 4. f4 {[%emt 0:00:00]} d5 {[%emt 0:03:16]} 5. Nxd5 {[%emt 0:02:53]} e6 {[%emt 0:01:03]} 6. Nc3 {[%emt 0:00:12]} Bxd4 {[%emt 0:02:07]} 7. Nge2 {[%emt 0:00:32]} Bxc3+ {[%emt 0:08:57]} 8. Nxc3 {[%emt 0:00:05]} Qxd1+ {[%emt 0:00:07]} 9. Nxd1 {[%emt 0:00:03]} Ne7 {[%emt 0:00:10]} 10. b3 {[%emt 0:09:00]} Nd7 {[%emt 0:10:13]} 11. Bb2 {[%emt 0:02:15]} f6 {[%emt 0:00:35]} 12. g4 {[%emt 0:05:29]} Rf8 {[%emt 0:11:36]} 13. Be2 {[%emt 0:05:21]} Nc6 {[%emt 0:05:54]} 14. Ne3 {[%emt 0:00:56]} g5 {[%emt 0:03:19]} 15. f5 {[%emt 0:01:54]} Nde5 {[%emt 0:01:30]} 16. h4 {[%emt 0:02:09]} h6 {[%emt 0:04:52]} 17. hxg5 {[%emt 0:00:36]} hxg5 {[%emt 0:00:02]} 18. Ba3 {[%emt 0:02:17]} Rg8 {[%emt 0:01:45]} 19. Rh7 {[%emt 0:00:16]} Nf7 {[%emt 0:09:57]} 20. Bc4 {[%emt 0:02:29]} Ncd8 {[%emt 0:00:26]} 21. O-O-O {[%emt 0:00:42]} c6 {[%emt 0:02:56]} 22. Rxd8+ {[%emt 0:00:42]} 1-0

[Event "Paracin Open 2020"]
[Site "Paracin"]
[Date "2020.07.07"]
[Round "6.15"]
[White "Sahin, Ozgun"]
[Black "Radojkovic, Stefan"]
[Result "1-0"]
[WhiteElo "2220"]
[BlackElo "1898"]
[Annotator "ChessBase"]
[PlyCount "82"]
[EventDate "2020.07.03"]
[EventType "swiss"]
[EventCountry "SRB"]
[SourceTitle "playchess.com"]
[Source "ChessBase"]
[SourceQuality "1"]
[TimeControl "5400+30"]

1. e4 {[%emt 0:00:00]} c5 {[%emt 0:00:00]} 2. Nf3 {[%emt 0:00:07]} e6 {[%emt 0:00:31]} 3. d4 {[%emt 0:01:43]} cxd4 {[%emt 0:00:26]} 4. Nxd4 {[%emt 0:00:06]} Nf6 {[%emt 0:00:43]} 5. Nc3 {[%emt 0:00:54]} d6 {[%emt 0:00:47]} 6. g4 {[%emt 0:00:35]} a6 {[%emt 0:01:00]} 7. g5 {[%emt 0:01:21]} Nfd7 {[%emt 0:00:36]} 8. h4 {[%emt 0:00:25]} b5 {[%emt 0:02:09]} 9. a3 {[%emt 0:01:09]} Bb7 {[%emt 0:02:15]} 10. Be3 {[%emt 0:01:23]} Nc6 {[%emt 0:02:35]} 11. h5 {[%emt 0:00:28]} Nxd4 {[%emt 0:06:22]} 12. Qxd4 {[%emt 0:00:41]} Ne5 {[%emt 0:00:25]} 13. Be2 {[%emt 0:00:40]} Rc8 {[%emt 0:00:53]} 14. O-O-O {[%emt 0:00:28]} Qa5 {[%emt 0:06:29]} 15. h6 {[%emt 0:09:55]} Rxc3 {[%emt 0:09:32]} 16. Qxc3 {[%emt 0:00:35]} Qxc3 {[%emt 0:00:08]} 17. bxc3 {[%emt 0:00:03]} Bxe4 {[%emt 0:00:15]} 18. Rh4 {[%emt 0:02:31]} Bd5 {[%emt 0:01:46]} 19. a4 {[%emt 0:13:48]} Bc4 {[%emt 0:05:39]} 20. Bxc4 {[%emt 0:07:22]} Nxc4 {[%emt 0:01:13]} 21. Rxc4 {[%emt 0:09:30]} bxc4 {[%emt 0:00:06]} 22. hxg7 {[%emt 0:00:02]} Bxg7 {[%emt 0:00:13]} 23. Rxd6 {[%emt 0:00:04]} a5 {[%emt 0:05:27]} 24. Rc6 {[%emt 0:03:17]} O-O {[%emt 0:04:21]} 25. Rxc4 {[%emt 0:00:09]} f6 {[%emt 0:00:07]} 26. Rc5 {[%emt 0:05:22]} fxg5 {[%emt 0:01:15]} 27. Rxg5 {[%emt 0:00:09]} Rf5 {[%emt 0:01:27]} 28. Rxf5 {[%emt 0:01:49]} exf5 {[%emt 0:00:01]} 29. Kd2 {[%emt 0:02:16]} h5 {[%emt 0:01:22]} 30. Bb6 {[%emt 0:00:17]} Kf7 {[%emt 0:00:57]} 31. Bxa5 {[%emt 0:00:11]} Ke6 {[%emt 0:00:06]} 32. Bd8 {[%emt 0:01:38]} Kd7 {[%emt 0:00:34]} 33. Bg5 {[%emt 0:01:47]} Kc6 {[%emt 0:00:22]} 34. Kd3 {[%emt 0:04:16]} Bf8 {[%emt 0:02:06]} 35. f3 {[%emt 0:06:54]} Bd6 {[%emt 0:03:51]} 36. Bh4 {[%emt 0:02:35]} Kd5 {[%emt 0:05:05]} 37. c4+ {[%emt 0:01:45]} Kc5 {[%emt 0:01:44]} 38. a5 {[%emt 0:02:46]} Bh2 {[%emt 0:01:46]} 39. Bf2+ {[%emt 0:00:37]} Kc6 {[%emt 0:00:11]} 40. a6 {[%emt 0:01:33]} f4 {[%emt 0:00:47]} 41. c5 {[%emt 0:01:13]} Kd5 1-0

[Event "Paracin Open 2020"]
[Site "Paracin"]
[Date "2020.07.07"]
[Round "6.16"]
[White "Djokic, Slavoljub"]
[Black "Radisavljevic, Dalibor"]
[Result "1/2-1/2"]
[WhiteElo "2077"]
[BlackElo "2214"]
[Annotator "ChessBase"]
[PlyCount "115"]
[EventDate "2020.07.03"]
[EventType "swiss"]
[EventCountry "SRB"]
[SourceTitle "playchess.com"]
[Source "ChessBase"]
[SourceQuality "1"]
[TimeControl "5400+30"]

1. c4 {[%emt 0:00:01]} Nf6 {[%emt 0:00:00]} 2. Nc3 {[%emt 0:00:08]} g6 {[%emt 0:00:00]} 3. Nf3 {[%emt 0:00:19]} Bg7 {[%emt 0:00:00]} 4. g3 {[%emt 0:00:14]} O-O {[%emt 0:00:00]} 5. Bg2 {[%emt 0:00:01]} d6 {[%emt 0:00:06]} 6. O-O {[%emt 0:00:03]} e5 {[%emt 0:00:14]} 7. d4 {[%emt 0:01:15]} Nbd7 {[%emt 0:00:10]} 8. dxe5 {[%emt 0:00:06]} dxe5 {[%emt 0:00:10]} 9. Bg5 {[%emt 0:00:07]} h6 {[%emt 0:04:58]} 10. Bxf6 {[%emt 0:00:55]} Bxf6 {[%emt 0:00:07]} 11. Qd2 {[%emt 0:00:44]} Bg7 {[%emt 0:01:07]} 12. Rad1 {[%emt 0:00:13]} c6 {[%emt 0:05:56]} 13. Ne4 {[%emt 0:00:07]} Qc7 {[%emt 0:14:56]} 14. Nd6 {[%emt 0:02:17]} Rd8 {[%emt 0:37:29]} 15. Nxc8 {[%emt 0:05:34]} Raxc8 {[%emt 0:00:35]} 16. Qc2 {[%emt 0:00:06]} Nf8 {[%emt 0:04:45]} 17. Bh3 {[%emt 0:04:16]} Rxd1 {[%emt 0:01:26]} 18. Rxd1 {[%emt 0:01:54]} Rd8 {[%emt 0:00:02]} 19. e4 {[%emt 0:00:17]} Nh7 {[%emt 0:05:44]} 20. b4 {[%emt 0:04:32]} Ng5 {[%emt 0:08:08]} 21. Nxg5 {[%emt 0:00:38]} hxg5 {[%emt 0:00:01]} 22. a3 {[%emt 0:00:27]} Bf8 {[%emt 0:04:10]} 23. c5 {[%emt 0:01:23]} a5 {[%emt 0:02:10]} 24. Bf1 {[%emt 0:00:13]} axb4 {[%emt 0:01:28]} 25. axb4 {[%emt 0:00:01]} Rxd1 {[%emt 0:00:57]} 26. Qxd1 {[%emt 0:00:01]} b6 {[%emt 0:01:02]} 27. cxb6 {[%emt 0:03:37]} Qxb6 {[%emt 0:00:36]} 28. Qd7 {[%emt 0:00:01]} Qxb4 {[%emt 0:04:10]} 29. Qxc6 {[%emt 0:00:02]} Kg7 {[%emt 0:00:30]} 30. Qd5 {[%emt 0:05:43]} Qe7 {[%emt 0:00:40]} 31. Bc4 {[%emt 0:00:16]} Qf6 {[%emt 0:00:10]} 32. Kg2 {[%emt 0:00:40]} Bb4 {[%emt 0:00:21]} 33. f3 {[%emt 0:04:23]} Bc3 {[%emt 0:00:21]} 34. Qd7 {[%emt 0:00:45]} Bd4 {[%emt 0:01:11]} 35. Bd5 {[%emt 0:01:58]} Be3 {[%emt 0:02:38]} 36. Bc4 {[%emt 0:02:07]} g4 {[%emt 0:00:56]} 37. Qxg4 {[%emt 0:00:30]} Qc6 {[%emt 0:00:07]} 38. Bf1 {[%emt 0:01:44]} Qc1 {[%emt 0:01:03]} 39. Qd7 {[%emt 0:07:34]} Qe1 {[%emt 0:00:27]} 40. Qb5 {[%emt 0:00:09]} Qf2+ {[%emt 0:00:31]} 41. Kh3 {[%emt 0:00:01]} Bd4 {[%emt 0:00:29]} 42. Qd3 {[%emt 0:00:42]} Qb2 {[%emt 0:00:30]} 43. Be2 {[%emt 0:00:53]} Qb6 {[%emt 0:00:19]} 44. f4 {[%emt 0:01:43]} exf4 {[%emt 0:00:45]} 45. gxf4 {[%emt 0:00:09]} Qc5 {[%emt 0:00:17]} 46. Qf3 {[%emt 0:01:57]} Qc3 {[%emt 0:00:28]} 47. Bd3 {[%emt 0:00:13]} Qd2 {[%emt 0:00:07]} 48. Bb1 {[%emt 0:04:30]} Qc3 {[%emt 0:01:05]} 49. Qg3 {[%emt 0:00:17]} Qxg3+ {[%emt 0:00:27]} 50. hxg3 {[%emt 0:00:00]} f6 {[%emt 0:00:00]} 51. Kg4 {[%emt 0:00:47]} Bb2 {[%emt 0:00:00]} 52. Kf3 {[%emt 0:00:22]} g5 {[%emt 0:00:13]} 53. Kg4 {[%emt 0:00:18]} gxf4 {[%emt 0:00:05]} 54. gxf4 {[%emt 0:00:08]} Bc3 {[%emt 0:00:05]} 55. Kf5 {[%emt 0:00:13]} Bb2 {[%emt 0:00:04]} 56. e5 {[%emt 0:00:23]} fxe5 {[%emt 0:00:05]} 57. fxe5 {[%emt 0:00:10]} Bxe5 {[%emt 0:00:03]} 58. Kxe5 {[%emt 0:00:08]} 1/2-1/2